The hovering giant: U.S. responses to revolutionary change in Latin America
Збережено в:
| Автор: | |
|---|---|
| Формат: | Книга |
| Мова: | Англійська |
| Опубліковано: |
Pittsburgh
University of Pittsburgh Press
1979
|
| Редагування: | 2a. ed |
| Серія: | Pitt Latin American Series
|
| Предмети: | |
| Теги: |
Додати тег
Немає тегів, Будьте першим, хто поставить тег для цього запису!
|
MARC
| LEADER | 00000nam a2200000 a 4500 | ||
|---|---|---|---|
| 001 | UCH1373 | ||
| 003 | CL-VaPUC | ||
| 008 | 090427e19790000US |||||||||||||||||eng|d | ||
| 020 | |a 0822933047 | ||
| 082 | 0 | 4 | |a 327 |b BLA |2 21 |
| 100 | 0 | |a Blasier, Cole |e author |9 535841 | |
| 245 | 1 | 4 | |a The hovering giant: U.S. responses to revolutionary change in Latin America |
| 250 | |a 2a. ed | ||
| 300 | |a 315 p | ||
| 942 | |c BK | ||
| 945 | |d 20090427 00:00:00 |a rbrito | ||
| 260 | |a Pittsburgh |b University of Pittsburgh Press |c 1979 | ||
| 650 | 0 | |a Relaciones Exteriores |9 255379 | |
| 650 | 0 | |a Revoluciones |9 255713 | |
| 650 | 0 | |a Política exterior |9 316628 | |
| 650 | 7 | |a INTERVENCION POLITICA |2 CL-VaPUC |9 535842 | |
| 651 | 0 | |a Estados Unidos |9 255178 | |
| 651 | 7 | |a LATIN AMERICA |2 CL-VaPUC |9 222262 | |
| 583 | |a last modification |c 20090427 00:00:00 |k Rodrigo Vera | ||
| 490 | 0 | |a Pitt Latin American Series | |
| 999 | |c 333424 |d 333422 | ||
| 952 | |0 0 |1 0 |4 0 |6 327_000000000000000_BLA_1979 |7 0 |8 A |9 421808 |a BIBHIS |b BIBHIS |d 2019-11-22 |i 4539656 |o 327 BLA 1979 |p 4539656 |r 2025-01-20 |w 2019-11-22 |y BK |k HIS | ||